| 000 | 00719nam a22002297a 4500 | ||
|---|---|---|---|
| 005 | 20220407102252.0 | ||
| 008 | 220407b ||||| |||| 00| 0 eng d | ||
| 020 | _a9788131704714 | ||
| 040 | _cAIMIT LIBRARY | ||
| 082 |
_25 _a658.87 _bCOXR |
||
| 100 |
_aCox, Roger. _928208 |
||
| 245 |
_aRetailing: _bintroduction / _cBy Roger Cox and Paul Brittain. |
||
| 250 | _a5th ed. | ||
| 260 |
_aNew Delhi : _bPearson , _c2007. |
||
| 300 |
_a348p. ; _c23.5 cm. |
||
| 650 |
_aRetail Organizations _928209 |
||
| 650 |
_aEconomics of retailing _928210 |
||
| 650 |
_aGrand Strategies _928211 |
||
| 650 |
_aSales Promotion and Public Relations _928212 |
||
| 700 |
_aBrittain, Paul. _928213 |
||
| 942 |
_2ddc _cBK _e5th _k658.87 COXR |
||
| 999 |
_c222242 _d222242 |
||